000
00289nam a2200121Ia 4500
008
190216s9999||||xx |||||||||||||| ||und||
100
_a
Raghavan Nambiar K M
245
0
_a
Rajasooyam
260
_b
Poorna Pubs Kozhikode
_c
1987
300
_a
72p
650
_a
Malayalam Nadakam
942
_c
BK
999
_c
26306
_d
26306